| 000 | 01041nam a22001937a 4500 | ||
|---|---|---|---|
| 003 | JO-AjAnu | ||
| 005 | 20240708135301.0 | ||
| 008 | 240708b jo ||||| |||| 00| 0 ara d | ||
| 040 |
_aJO-AjAnu _bARA _cJO-AjAnu |
||
| 041 | 1 | _hARA | |
| 100 |
_aالغزو، زياد احمد عبدالرحيم _eمعد _966048 |
||
| 245 | 1 | 0 |
_aالتسويف الاكاديمي وعلاقته بإدارة الوقت لدى الطلبة ذوي صعوبات التعلم = Academic Procrastination and its Relationship to Time Management Among Students with Learning Disabilities / _cاعداد زياد احمد عبدالرحيم الغزو ؛ اشراف فيصل النواصرة |
| 260 | _c2024 | ||
| 300 | _a92 ورقة | ||
| 500 | _aرسالة جامعية (اطروحة ماجستير) جامعة عجلون الوطنية ، كلية العلوم التربوية / تخصص صعوبات التعلم، 2024 | ||
| 650 | _vالتسويف الأكاديمي | ||
| 700 |
_aنواصرة، فيصل عيسى _965185 _eمشرف |
||
| 942 |
_2lcc _cTHS _n0 |
||
| 999 |
_c33577 _d33577 |
||